Statistics for Historical Timeline of France

Click here to take the quiz!

General Stats

  • This quiz has been taken 56 times
  • The average score is 21 of 27

Answer Stats

YearHintAnswer% Correct
121 BCR____ RepublicRoman Republic
100%
27 BCR____ EmpireRoman Empire
100%
1870F_____ Third RepublicFrench Third Republic
100%
1852Second F_____ EmpireSecond French Empire
100%
1848F_____ Second RepublicFrench Second Republic
100%
1804First F_____ EmpireFirst French Empire
100%
1792F_____ First RepublicFrench First Republic
100%
1946F_____ Fourth RepublicFrench Fourth Republic
100%
987Kingdom of F_____Kingdom of France
95%
843West F_____West Francia
93%
481F_____Francia
93%
418Visi______ KingdomVisigothic Kingdom
91%
County of Prov____County of Provence
86%
1940V____ FranceVichy France
86%
Duchy of Bu______Duchy of Burgundy
84%
County of Bu______County of Burgundy
84%
Duchy of Lor_____Duchy of Lorraine
81%
1814B______ RestorationBourbon Restoration
70%
Duchy of N_______Duchy of Normandy
67%
Duchy of Br______Duchy of Brittany
65%
Duchy of Aq_______Duchy of Aquitaine
65%
Free City of S_________Free City of Strasbourg
49%
County of T_______County of Toulouse
47%
Duchy of Gas____Duchy of Gascony
42%
411Kingdom of the Bur________Kingdom of the Burgundians
37%
1830J___ MonarchyJuly Monarchy
37%
Kingdom of Ar___Kingdom of Arles
23%

Score Distribution

Percentile by Number Answered

Percent of People with Each Score

Your Score History

You have not taken this quiz